000 00832nam a2200229 4500
003 CBULib
005 20260420103543.0
008 260408b |||||||| |||| 00| 0 eng d
040 _bEnglish
_cCBULib
_erda
_aCBULib
_dCBUlib
050 _aCBU STAFF(02)LIAZ/2018/ED4.
110 _4LIBRARY AND INFORMATION ASSOCIATION OF ZAMBIA
245 _aA PUBLICATION OF THE LIBRARY AND INFORMATION ASSOCIATION OF ZAMBIA (LIAZ): Linking people with information
_c/by LIBRARY AND INFORMATION ASSOCIATION OF ZAMBIA
260 _aLusaka
_bLIAZ
_c2018
300 _a34 pages
336 _2rdacontent
_aText |
_btxt
337 _2rdamedia
_aUnmediated |
_bn
338 _2rdacarrier
_aVolume
_bnc
650 0 _95420
_aLIBRARIANSHIP
650 0 _95422
_aPERIODICALS
650 0 _95423
_a LIBRARY AND INFORMATION ASSOCIATION--ZAMBIA
942 _2mc
_c023
999 _c86687
_d86687